Miasta w Podlaskim - Statystyki

Ogólne statystyki
  • Ten quiz został rozwiązany 56 razy
    50 od ostatniego zresetowania
  • Średni wynik to 21 z 39
Statystyki odpowiedzi
Miasto % Poprawnych
Białystok
100%
Suwałki
90%
Łomża
88%
Augustów
85%
Hajnówka
78%
Grajewo
75%
Sokółka
75%
Mońki
73%
Bielsk Podlaski
70%
Siemiatycze
70%
Zambrów
70%
Łapy
68%
Sejny
63%
Wysokie Mazowieckie
60%
Tykocin
58%
Supraśl
55%
Dąbrowa Białostocka
53%
Kolno
53%
Czarna Białostocka
50%
Choroszcz
48%
Lipsk
45%
Brańsk
43%
Drohiczyn
43%
Jedwabne
40%
Knyszyn
40%
Wasilków
40%
Ciechanowiec
38%
Krynki
38%
Michałowo
38%
Szepietowo
38%
Zabłudów
38%
Rajgród
35%
Suraż
35%
Szczuczyn
35%
Czyżew
33%
Kleszczele
33%
Nowogród
30%
Goniądz
28%
Stawiski
20%
Nie znaleziono quizów pasujących do podanych kryteriów
Rozkład punktacji
Procent ludzi z każdym wynikiem
Percentyl według liczby udzielonych odpowiedzi
Twoja historia wyników
Nie rozwiązałeś tego quizu od ostatniego zresetowania